|
|
|
|
| LEADER |
00000nam0a2200000 4500 |
| 001 |
310983 |
| 005 |
20231102002336.0 |
| 020 |
|
|
|a RU
|b 82-22117
|
| 035 |
|
|
|a (RuTPU)RU\TPU\book\336338
|
| 090 |
|
|
|a 310983
|
| 100 |
|
|
|a 20151201d1981 km y0rusy5003 ca
|
| 101 |
0 |
|
|a rus
|
| 102 |
|
|
|a RU
|
| 105 |
|
|
|a a z 001zy
|
| 200 |
1 |
|
|a Полупроводниковые соединения
|e сборник научных трудов
|f Московский государственный институт электронной техники (МИЭТ) ; под ред. Е. Б. Соколова
|
| 210 |
|
|
|a Москва
|c Изд-во МИЭТ
|d 1981
|
| 215 |
|
|
|a 145 с.
|c ил.
|
| 320 |
|
|
|a Библиогр. в конце ст.
|
| 606 |
1 |
|
|a Полупроводниковые материалы
|x Параметры
|x Измерение
|2 stltpush
|3 (RuTPU)RU\TPU\subj\50665
|9 69316
|
| 610 |
1 |
|
|a термодинамические свойства
|
| 610 |
1 |
|
|a легирование
|
| 610 |
1 |
|
|a гетероструктуры
|
| 610 |
1 |
|
|a термообработка
|
| 610 |
1 |
|
|a светоизлучающие структуры
|
| 610 |
1 |
|
|a фотоприемные устройства
|
| 610 |
1 |
|
|a химический состав
|
| 675 |
|
|
|a 621.315.592
|z rus
|v 3
|
| 702 |
|
1 |
|a Соколов
|b Е. Б.
|4 340
|
| 712 |
0 |
2 |
|a Московский государственный институт электронной техники (МИЭТ)
|c (1965-1992)
|2 stltpush
|3 (RuTPU)RU\TPU\col\19357
|
| 801 |
|
0 |
|a RU
|b RuMRKP
|c 19950704
|g psbo
|
| 801 |
|
1 |
|a RU
|b 63413507
|c 20151201
|
| 801 |
|
2 |
|a RU
|b 63413507
|c 20190927
|g RCR
|
| 942 |
|
|
|c BK
|